[Event "2023 Gufeld Cup"]
[Site "North Woodvale, Perth WA"]
[Date "2023.04.10"]
[Round "4"]
[White "Taylor, Noah"]
[Black "Barry, David"]
[Result "1-0"]
[WhiteElo "1771"]
[BlackElo "1897"]
[EventDate "2023.04.10"]

1.e4 c5 2.Nf3 d6 3.d4 cxd4 4.Nxd4 Nf6 5.Nc3 a6 6.Bg5 e6 7.f4 Be7 8.Qf3 Qc7
9.O-O-O Nbd7 10.g4 b5 11.Bxf6 Nxf6 12.g5 Nd7 13.f5 b4 14.fxe6 Bxg5+ 15.Kb1
Ne5 16.Nd5 Qa7 17.Qh5 Bh6 18.Nf5 O-O 19.Nxh6+ gxh6 20.Qxh6 fxe6 21.Nf6+ 
Kf7 22.Nxh7 Rg8 23.Be2 Ke7 24.Qf6+ Kd7 25.Qxe5 1-0

[Event "2023 Gufeld Cup"]
[Site "North Woodvale, Perth WA"]
[Date "2023.04.10"]
[Round "4"]
[White "Umasankar, Naveen Ramnat"]
[Black "McAteer, Ian"]
[Result "1/2-1/2"]
[WhiteElo "1788"]
[BlackElo "1774"]
[EventDate "2023.04.10"]

1.e4 c6 2.d4 d5 3.exd5 cxd5 4.Bd3 Nc6 5.c3 Nf6 6.Bf4 g6 7.h3 Bf5 8.Nf3 
Bxd3 9.Qxd3 Bg7 10.Nbd2 O-O 11.O-O Rc8 12.Rfe1 Re8 13.a4 e6 14.Qb5 Qd7 15.
Ne5 Nxe5 16.dxe5 Qxb5 17.axb5 Nh5 18.Bh2 Bh6 19.Nb3 Ra8 20.Ra2 b6 21.Rea1 
Re7 22.Nd4 Nf4 23.Bxf4 Bxf4 24.Nc6 Rc7 25.g3 Bg5 26.h4 Be7 27.Rxa7 Rcxa7 
28.Rxa7 Rxa7 29.Nxa7 Bd8 30.Nc6 Bc7 31.Kf1 f6 32.f4 fxe5 33.fxe5 Kf7 34.
Ke2 Ke8 35.Ke3 Kf7 36.Kd4 h5 37.Ke3 g5 38.hxg5 Kg6 39.Kf4 Kf7 40.g4 h4 41.
Nd4 Bd8 42.Nf3 h3 43.Kg3 h2 44.Kxh2 Kg6 45.Kh3 Be7 46.Kg2 Bd8 47.Kf2 Be7 
48.Ke3 Bd8 49.Kf4 Be7 50.Nh4+ Kg7 51.b3 Ba3 52.Ke3 Bc1+ 53.Kd4 Bxg5 54.Nf3
Be7 55.b4 Kg6 56.Ke3 Bd8 57.Kf4 Be7 1/2-1/2

[Event "2023 Gufeld Cup"]
[Site "North Woodvale, Perth WA"]
[Date "2023.04.10"]
[Round "4"]
[White "Andador, Dominador"]
[Black "Cavosie-Pletsch, Yasmina"]
[Result "1-0"]
[WhiteElo "1842"]
[BlackElo "1330"]
[EventDate "2023.04.10"]

1.d4 Nf6 2.c4 e6 3.Nc3 Bb4 4.Qc2 d5 5.e3 a6 6.a3 Bxc3+ 7.bxc3 c6 8.a4 Qa5 
9.Ba3 b5 10.Bb4 Qd8 11.axb5 Bb7 12.Nf3 a5 13.Ba3 cxb5 14.cxb5 Qc7 15.Bd3 
Nbd7 16.O-O Ne4 17.Bxe4 dxe4 18.Nd2 Nf6 19.h3 Rc8 20.c4 h5 21.Qa4 Kd8 22.
Bc5 Ra8 23.Nb3 Ng4 24.hxg4 hxg4 25.g3 Rh3 26.Kg2 f5 27.Nxa5 Kd7 28.b6+ Qc6
29.Nxc6 Rxa4 30.Ne5+ Ke8 31.Rxa4 g5 32.Ra7 Bc8 33.Rf7 Rh8 34.Rh1 Rg8 35.
Re7+ Kf8 36.Rhh7 f4 37.Rhf7# 1-0

[Event "2023 Gufeld Cup"]
[Site "North Woodvale, Perth WA"]
[Date "2023.04.10"]
[Round "4"]
[White "Simonds, Marcus"]
[Black "Wu, Kobe"]
[Result "1/2-1/2"]
[WhiteElo "1771"]
[BlackElo "1206"]
[EventDate "2023.04.10"]

1.d4 d5 2.Bf4 c5 3.e3 Nf6 4.Nf3 Nc6 5.Nbd2 e6 6.c3 Be7 7.Bd3 c4 8.Bc2 Bd7 
9.Ne5 O-O 10.Bg3 b5 11.f4 b4 12.Rc1 a5 13.Nf1 a4 14.Nxd7 Qxd7 15.Bxa4 Ne4 
16.Nd2 Nxd2 17.Bxc6 Qxc6 18.Qxd2 Rxa2 19.O-O b3 20.f5 Ba3 21.Rb1 Re8 22.f6
g6 23.e4 dxe4 24.Qh6 Bf8 25.Qe3 Rea8 26.Bf4 Qd5 27.Rfe1 R8a6 28.Bh6 Bd6 
29.g4 e5 30.Bg7 exd4 31.cxd4 Bb4 32.Qxe4 Qxe4 33.Rxe4 Re6 1/2-1/2

[Event "2023 Gufeld Cup"]
[Site "North Woodvale, Perth WA"]
[Date "2023.04.10"]
[Round "4"]
[White "Gough, Dylan"]
[Black "Wolstencroft, Alan"]
[Result "1-0"]
[WhiteElo "1745"]
[BlackElo "1849"]
[EventDate "2023.04.10"]

1.d4 Nf6 2.c4 d6 3.Nc3 g6 4.b3 Bg7 5.Bb2 Na6 6.Nf3 O-O 7.e3 c5 8.Be2 b6 9.
a3 Bb7 10.d5 e6 11.Rb1 e5 12.e4 Bc8 13.Bc1 Nc7 14.O-O h6 15.h3 Nh7 16.Be3 
f5 17.Nh2 f4 18.Bd2 g5 19.b4 Nf6 20.Ng4 Nce8 21.f3 h5 22.Nf2 h4 23.Be1 Nh5
24.Ng4 Nef6 25.Bf2 Ng3 26.Bxg3 hxg3 27.Bd3 Nxg4 28.fxg4 Rf6 29.Qf3 Rh6 30.
Rfd1 Qf6 31.bxc5 bxc5 32.Rb2 Rh4 33.Kf1 Qh6 34.Ke1 Kf7 35.Rdb1 Kg6 36.Bf1 
Bxg4 37.hxg4 Rh8 38.Rb7 Rh1 39.Rd7 Bf8 40.Nb5 Rxf1+ 41.Qxf1 Qh1 42.Ke2 
Qxf1+ 43.Rxf1 1-0

[Event "2023 Gufeld Cup"]
[Site "North Woodvale, Perth WA"]
[Date "2023.04.10"]
[Round "4"]
[White "Roebuck, Derek"]
[Black "Huang, Hui"]
[Result "1-0"]
[WhiteElo "1804"]
[BlackElo "1707"]
[EventDate "2023.04.10"]

1.e4 Nf6 2.e5 Nd5 3.d4 d6 4.Nf3 dxe5 5.Nxe5 c6 6.Be2 Bf5 7.c4 Nb4 8.O-O 
Nc2 9.Bg4 Qxd4 10.Bxf5 Qxd1 11.Rxd1 Nxa1 12.Bc8 f6 13.Nf3 Nd7 14.Bxd7+ Kf7
15.Bf5 e6 16.Bd3 Rd8 17.Nc3 Bc5 18.Be3 Bxe3 19.fxe3 Ke7 20.Ne1 Rxd3 21.
Rxd3 e5 22.Rd1 1-0

[Event "2023 Gufeld Cup"]
[Site "North Woodvale, Perth WA"]
[Date "2023.04.10"]
[Round "4"]
[White "Ashok, Akash"]
[Black "Deng, Eric"]
[Result "0-1"]
[WhiteElo "734"]
[BlackElo "1604"]
[EventDate "2023.04.10"]

1.e4 e6 2.d4 d5 3.Nc3 Bb4 4.exd5 exd5 5.Bd2 c6 6.Nf3 Bf5 7.Ne2 Bd6 8.Bf4 
Nf6 9.Bxd6 Qxd6 10.Ng3 Bg6 11.Bd3 Ne4 12.Bxe4 dxe4 13.Ne5 f5 14.Nxg6 Qxg6 
15.Qh5 Qxh5 16.Nxh5 Kf7 17.Ng3 Ke6 18.c4 g6 19.Ke2 Nd7 20.Ke3 b5 21.b3 Nb6
22.Rac1 Rac8 23.h4 h6 24.Ne2 g5 25.g3 Nd7 26.f4 exf3 27.Kxf3 Nf6 28.Nc3 
bxc4 29.bxc4 g4+ 30.Kf4 Nh5+ 31.Ke3 Nxg3 32.Rhg1 Nh5 33.Ne2 Rhe8 34.Kd3 
Kf6 35.Rgf1 Rb8 36.Rb1 Rxb1 37.Rxb1 f4 38.Ng1 f3 39.Rf1 Ng3 40.Rf2 Rb8 41.
Nxf3 gxf3 42.Rxf3+ Nf5 43.Rf4 Kg6 44.Rg4+ Kh5 45.Rf4 Nxh4 46.Rf6 Rc8 47.
Rf7 Rd8 48.Rxa7 Nf5 49.d5 cxd5 50.cxd5 Kg5 51.Ke4 Nd6+ 52.Ke5 Nc4+ 53.Kd4 
Nb6 54.Kc5 Nxd5 55.Rg7+ Kh4 0-1

[Event "2023 Gufeld Cup"]
[Site "North Woodvale, Perth WA"]
[Date "2023.04.10"]
[Round "4"]
[White "Stortz, Robert"]
[Black "Kerr, Lennon"]
[Result "1-0"]
[WhiteElo "1870"]
[BlackElo "860"]
[EventDate "2023.04.10"]

1.d4 d5 2.Bf4 c5 3.c3 Nc6 4.e3 e6 5.Nf3 Nf6 6.Bd3 Be7 7.Nbd2 O-O 8.h3 cxd4
9.exd4 Bd6 10.Ne5 Bxe5 11.Bxe5 Nxe5 12.dxe5 Nd7 13.Nf3 f6 14.exf6 Qxf6 15.
O-O e5 16.Be2 Nb6 17.Nh2 Bf5 18.Bg4 Rad8 19.Bxf5 Qxf5 20.Nf3 Rfe8 21.Re1 
Nc4 22.Re2 Qf6 23.Qc2 e4 24.Nd4 Ne5 25.Rf1 Nd3 26.f3 Nf4 27.Re3 Qe5 28.
fxe4 dxe4 29.Rfe1 Rxd4 30.cxd4 Qxd4 31.Kh1 Qf6 32.Rxe4 Rxe4 33.Qxe4 Ng6 
34.Qe6+ Qf7 35.Qe8+ Qxe8 36.Rxe8+ Kf7 37.Rb8 b6 38.Rb7+ 1-0

[Event "2023 Gufeld Cup"]
[Site "North Woodvale, Perth WA"]
[Date "2023.04.10"]
[Round "4"]
[White "Moseley, Paul"]
[Black "Sethuraman, Jaswanth Ram"]
[Result "1-0"]
[WhiteElo "1543"]
[BlackElo "783"]
[EventDate "2023.04.10"]

1.d4 e5 2.e4 exd4 3.f4 d6 4.Qxd4 Nc6 5.Qd1 Nf6 6.Nc3 Bg4 7.Be2 Bxe2 8.Qxe2
Nd4 9.Qd3 c5 10.Nb5 Qa5+ 11.Nc3 Be7 12.Ne2 Nxe2 13.Qxe2 O-O 14.O-O Rfe8 
15.Bd2 Qb6 16.Na4 Qc6 17.Nc3 Rab8 18.Qb5 a6 19.Qxc6 bxc6 20.b3 Bd8 21.Rae1
Ba5 22.e5 dxe5 23.Rxe5 Rxe5 24.fxe5 Nd7 25.Re1 Re8 26.Nb1 Bxd2 27.Nxd2 
Rxe5 28.Kf2 Rxe1 29.Kxe1 Kf8 30.Ke2 Ke7 31.Ke3 Ne5 32.h3 Ke6 33.Ne4 Kd5 
34.c4+ Ke6 35.Nxc5+ Kd6 36.Nxa6 c5 37.a3 Kc6 38.Ke4 Nd7 39.b4 Kd6 40.Nxc5 
Nxc5+ 41.bxc5+ Kxc5 42.Kd3 f5 43.a4 g5 44.a5 h5 45.a6 Kb6 46.Kd4 g4 47.h4 
f4 48.a7 Kxa7 49.Ke4 f3 50.gxf3 g3 51.Ke3 g2 52.Kf2 g1=Q+ 53.Kxg1 Kb6 54.
Kf2 Kc5 55.Ke3 Kxc4 56.Ke4 Kc5 57.Ke5 Kc6 58.Ke6 Kc7 59.Ke7 Kc6 60.f4 Kd5 
61.f5 Ke5 62.f6 Kf5 63.f7 Kg4 64.f8=Q Kxh4 65.Qf3 Kg5 66.Ke6 h4 67.Qf5+ 
Kh6 68.Kf6 h3 69.Qg6# 1-0

[Event "2023 Gufeld Cup"]
[Site "North Woodvale, Perth WA"]
[Date "2023.04.10"]
[Round "4"]
[White "Ashok, Anish"]
[Black "Gruber, Paula"]
[Result "0-1"]
[WhiteElo "458"]
[BlackElo "1076"]
[EventDate "2023.04.10"]

1.d4 d5 2.Nf3 Nc6 3.Bf4 Bf5 4.e3 Nf6 5.Bd3 Bxd3 6.Qxd3 e6 7.c3 Bd6 8.Bg3 
O-O 9.Nbd2 Re8 10.e4 e5 11.O-O-O dxe4 12.Nxe4 Nxe4 13.Qxe4 exd4 14.Qd3 
dxc3 15.Bh4 cxb2+ 16.Kxb2 Qd7 17.Rde1 Ne5 18.Nxe5 Bxe5+ 19.Kc2 Qc6+ 20.Kd2
Bf4+ 21.Re3 Bxe3+ 22.fxe3 Qxg2+ 23.Kc3 Qxh1 24.e4 Rxe4 25.Qg3 Qc1+ 26.Kd3 
Rae8 27.Qf3 Qc4+ 28.Kd2 Re2+ 29.Kd1 Qc2# 0-1

[Event "2023 Gufeld Cup"]
[Site "North Woodvale, Perth WA"]
[Date "2023.04.10"]
[Round "5"]
[White "Taylor, Noah"]
[Black "Laubbacher, Jamie"]
[Result "0-1"]
[WhiteElo "1771"]
[BlackElo "1904"]
[EventDate "2023.04.10"]

1.e4 c5 2.Nf3 Nc6 3.d4 cxd4 4.Nxd4 e5 5.Nb5 d6 6.N5c3 a6 7.Na3 Be7 8.Nd5 
Nf6 9.Nxf6+ Bxf6 10.Nc4 O-O 11.Qxd6 Qxd6 12.Nxd6 Nb4 13.Bd3 Rd8 14.Nxc8 
Raxc8 15.O-O Nxc2 16.Bxc2 Rxc2 17.f3 h6 18.Be3 Bg5 19.Bxg5 hxg5 20.Rfc1 
Rxb2 21.Rab1 Rdd2 22.Rxb2 Rxb2 23.a4 Kh7 24.Rc7 Kg6 25.a5 Kf6 26.h3 g6 27.
Kh2 Ke6 28.Kg3 f5 29.Rg7 Kf6 30.Rc7 Rb3 31.Kf2 g4 32.hxg4 fxe4 33.fxe4 Kg5
34.Rg7 Kxg4 35.Rxg6+ Kf4 36.g4 Rb2+ 37.Ke1 Kxe4 38.g5 Kf5 39.Rg7 Ra2 40.
Rxb7 Kxg5 41.Rf7 Rxa5 42.Ke2 Ra3 43.Rf1 a5 44.Kd2 e4 45.Ke2 Kg4 46.Kd2 a4 
47.Ke2 Rf3 48.Ra1 a3 49.Kd2 Kf4 50.Ke2 Rh3 51.Kf2 Rb3 52.Ke1 Ke3 53.Kf1 
Rd3 54.Ke1 Rb3 55.Kf1 Kd2 56.Ra2+ Kc1 0-1

[Event "2023 Gufeld Cup"]
[Site "North Woodvale, Perth WA"]
[Date "2023.04.10"]
[Round "5"]
[White "McAteer, Ian"]
[Black "Andador, Dominador"]
[Result "1-0"]
[WhiteElo "1774"]
[BlackElo "1842"]
[EventDate "2023.04.10"]

1.d4 Nf6 2.Bg5 e6 3.e4 Be7 4.Nc3 c6 5.Qd2 b5 6.Bd3 a6 7.Bxf6 Bxf6 8.e5 Be7
9.f4 Bb7 10.Be4 d5 11.Bd3 Qb6 12.Nf3 c5 13.Bf1 Nc6 14.Ne2 Rc8 15.c3 cxd4 
16.Nexd4 O-O 17.Rd1 b4 18.Be2 bxc3 19.bxc3 Nxd4 20.Nxd4 Rxc3 21.O-O Bb4 
22.Qb2 Rfc8 23.Kh1 Qa5 24.Rb1 Bc5 25.Qxb7 Bxd4 26.Qxa6 Qxa6 27.Bxa6 Rf8 
28.a4 g6 29.Bb5 Ra3 30.Rbc1 Be3 31.Rcd1 d4 32.g3 Rc8 33.Ra1 Rcc3 34.Rxa3 
Rxa3 35.Rd1 h6 36.Kg2 Ra2+ 37.Kh3 Kg7 38.Bd7 g5 39.fxg5 hxg5 40.Bb5 Kh6 
41.Be8 Kg7 42.Rc1 Bf2 43.Bb5 Rb2 44.Kg4 f5+ 45.exf6+ Kxf6 46.Kf3 Be3 47.h4
Ke5 48.h5 Rh2 49.Be8 Kd5 50.Bf7 Ra2 51.Be8 Ra3 52.Kg4 Rc3 53.h6 Rc7 54.Bf7
d3 55.h7 Bd4 56.Bg6 Ra7 57.Rd1 Rxa4 58.Rxd3 Ra8 59.Kxg5 Rf8 60.Rb3 Bf6+ 
61.Kh5 Bh8 62.Rb5+ Kd4 63.Rg5 Ke3 64.Bb1 Kf3 1-0

[Event "2023 Gufeld Cup"]
[Site "North Woodvale, Perth WA"]
[Date "2023.04.10"]
[Round "5"]
[White "Kerr, Carter"]
[Black "Umasankar, Naveen Ramnat"]
[Result "1/2-1/2"]
[WhiteElo "1257"]
[BlackElo "1788"]
[EventDate "2023.04.10"]

1.e4 e6 2.Nf3 d5 3.Nc3 dxe4 4.Nxe4 Nd7 5.d4 Ngf6 6.Bg5 Be7 7.Bd3 Nxe4 8.
Bxe7 Qxe7 9.Bxe4 Nf6 10.Bd3 O-O 11.O-O b6 12.c4 Bb7 13.Re1 Qd7 14.Ne5 Qd6 
15.Rc1 Rad8 16.c5 Qxd4 17.c6 Ba8 18.Nd7 Rxd7 19.cxd7 Qxd7 20.Re3 Qd5 21.
Bf1 Qxa2 22.Rxc7 Nd5 23.Rd3 Qxb2 24.Rxa7 Bc6 25.Rg3 Rc8 26.Ba6 Rb8 27.Bd3 
Nf4 28.Rc7 Bxg2 29.Rxg2 Nxg2 30.Bxh7+ Kxh7 31.Qh5+ Kg8 32.Qxf7+ Kh8 
1/2-1/2

[Event "2023 Gufeld Cup"]
[Site "North Woodvale, Perth WA"]
[Date "2023.04.10"]
[Round "5"]
[White "Barry, David"]
[Black "Simonds, Marcus"]
[Result "1-0"]
[WhiteElo "1897"]
[BlackElo "1771"]
[EventDate "2023.04.10"]

1.e4 e6 2.d4 d5 3.Nc3 Nf6 4.e5 Nfd7 5.f4 c5 6.Nf3 Nc6 7.Be3 cxd4 8.Nxd4 
Bc5 9.Be2 Nxd4 10.Bxd4 a6 11.Bxc5 Nxc5 12.Qd4 Qb6 13.O-O-O Nd7 14.Qd2 Qc7 
15.Kb1 b5 16.Bf3 Nb6 17.b3 Bd7 18.g4 O-O-O 19.Ne2 Kb8 20.Qa5 Ka7 21.Nd4 
Na8 22.Qa3 Rc8 23.Be2 Qc5 24.b4 Qc3 25.Rd3 Qxa3 26.Rxa3 Kb7 27.Nb3 Rc7 28.
Nc5+ Rxc5 29.bxc5 Rc8 30.Rc3 Nb6 31.c6+ Bxc6 32.Rd1 Na4 33.Rb3 Be8 34.Rbd3
h6 35.Kc1 Rc4 36.Rf3 d4 37.Rd2 Rc5 38.Rxd4 Nc3 39.Kd2 Nxa2 40.Ra3 b4 41.
Bxa6+ Kb6 42.Rxa2 1-0

[Event "2023 Gufeld Cup"]
[Site "North Woodvale, Perth WA"]
[Date "2023.04.10"]
[Round "5"]
[White "Wu, Kobe"]
[Black "Gough, Dylan"]
[Result "1/2-1/2"]
[WhiteElo "1206"]
[BlackElo "1745"]
[EventDate "2023.04.10"]

1.e4 c6 2.d4 d5 3.Nc3 e6 4.Nf3 c5 5.Bb5+ Bd7 6.Bxd7+ Nxd7 7.Bf4 cxd4 8.
Qxd4 a6 9.O-O-O Qb6 10.Qxb6 Nxb6 11.exd5 Nxd5 12.Nxd5 exd5 13.Rhe1+ Be7 
14.Rxd5 f6 15.Nd4 Kf7 16.Rd7 Rd8 17.Rxd8 Bxd8 18.Nf5 Kg6 19.Nd6 Bc7 20.Bg3
Bxd6 21.Bxd6 Kf7 22.Re3 f5 23.Rb3 Ke6 24.Bf4 b5 25.Ra3 Nf6 26.Rxa6+ Kd5 
27.Rb6 Re8 28.Rxb5+ Ke4 29.Rb4+ Kd5 30.a4 g6 31.a5 Ne4 32.a6 Ra8 33.Rb5+ 
Kc6 34.Ra5 Nxf2 35.Be3 Ne4 36.a7 Kb7 37.Re5 h5 38.g3 Rg8 39.b4 Nd6 40.Rd5 
Nc4 41.Bd4 Re8 42.Bc5 Nb6 43.Bxb6 Kxb6 44.Rd6+ Kxa7 45.Rxg6 Re2 46.h4 Re4 
47.b5 f4 48.gxf4 Rxf4 49.Rc6 Rxh4 50.c4 Rd4 51.c5 h4 52.b6+ Kb7 53.Rc7+ 
Kb8 54.c6 h3 55.Rb7+ Kc8 56.Rc7+ Kb8 1/2-1/2

[Event "2023 Gufeld Cup"]
[Site "North Woodvale, Perth WA"]
[Date "2023.04.10"]
[Round "5"]
[White "Harris, Eamon"]
[Black "Stortz, Robert"]
[Result "1-0"]
[WhiteElo "1617"]
[BlackElo "1870"]
[EventDate "2023.04.10"]

1.e4 c6 2.Nc3 d5 3.Nf3 dxe4 4.Nxe4 Nf6 5.Qe2 Nxe4 6.Qxe4 g6 7.d3 Bg7 8.Be2
Nd7 9.Qh4 Nf6 10.O-O Bg4 11.h3 Bd7 12.Bh6 O-O 13.Bxg7 Kxg7 14.Rfe1 Qb6 15.
Rab1 c5 16.Ne5 Be6 17.Nc4 Qc7 18.Bf3 Rad8 19.a4 Rd4 20.Qg3 Qxg3 21.fxg3 b6
22.a5 b5 23.Ne5 Rd6 24.g4 Rc8 25.g5 Nd7 26.Bg4 Nxe5 27.Rxe5 Bxg4 28.hxg4 
e6 29.Rbe1 a6 30.Kf2 c4 31.Ke3 cxd3 32.cxd3 Rc2 33.Re2 Rxe2+ 34.Kxe2 Rd4 
35.Re4 Rd5 36.Ke3 Rc5 37.b4 Rc6 38.Re5 Kf8 39.Rc5 Rd6 40.Ke4 Ke7 41.d4 Kd7
42.d5 exd5+ 43.Rxd5 Ke6 44.Rxd6+ Kxd6 45.Kd4 Kc7 46.Kc5 Kb7 47.Kd6 Kc8 48.
Kc6 Kb8 49.Kd7 1-0

[Event "2023 Gufeld Cup"]
[Site "North Woodvale, Perth WA"]
[Date "2023.04.10"]
[Round "5"]
[White "Cavosie-Pletsch, Yasmina"]
[Black "Moseley, Paul"]
[Result "1/2-1/2"]
[WhiteElo "1330"]
[BlackElo "1543"]
[EventDate "2023.04.10"]

1.e4 c5 2.Nc3 g6 3.f4 Bg7 4.Nf3 e6 5.Bc4 Ne7 6.d3 O-O 7.O-O a6 8.a4 Nbc6 
9.Qe1 d5 10.Bb3 b6 11.g4 Nd4 12.Qh4 f6 13.f5 g5 14.Nxg5 fxg5 15.Bxg5 Ra7 
16.f6 Ng6 17.fxg7 Rxf1+ 18.Rxf1 Nxh4 19.Bxd8 Nhf3+ 20.Kg2 Rf7 21.exd5 exd5
22.Bxd5 Bxg4 23.Bxf7+ Kxf7 24.Bxb6 Kxg7 25.Bxc5 Nxc2 26.Rxf3 Ne1+ 27.Kg3 
Bxf3 28.Bf2 Nxd3 29.Bd4+ Kg6 30.Kxf3 Nxb2 31.h4 h5 32.a5 Kf5 33.Ne4 Nc4 
34.Bb6 Ne5+ 35.Ke3 Kg4 36.Bd8 Nc4+ 37.Kd4 Nxa5 38.Bxa5 Kxh4 39.Ke3 Kg4 40.
Kf2 Kf4 41.Nc5 h4 42.Nxa6 Kg4 43.Kg2 h3+ 44.Kh2 Kh4 45.Nc5 Kg4 46.Ne4 Kf4 
47.Nf2 Kf5 48.Nxh3 Ke6 49.Kg3 Kd5 50.Nf4+ Kc6 51.Kf3 Kd6 52.Ke4 Kc6 53.Kd4
Kd6 54.Nd3 Kc6 55.Nc5 Kd6 56.Kc4 Kc6 57.Bd8 Kd6 58.Kb5 Kd5 59.Bc7 Kd4 60.
Bf4 Kd5 61.Kb6 Kc4 62.Kc6 Kd4 63.Bd2 Ke5 64.Be3 Kf5 65.Kd5 Kf6 66.Nd3 Ke7 
67.Ne5 Kf6 68.Kd6 Kf5 69.Bh6 Ke4 70.Ng6 Kf5 71.Ne7+ Ke4 72.Ke6 Kf3 73.Kf5 
Kg3 74.Nc6 Kf3 75.Ne5+ Kg3 76.Bg5 Kf2 77.Ke4 Kg3 78.Bf6 Kf2 79.Nd3+ Kg2 
80.Kf4 Kh2 81.Kf3 Kh1 82.Bh4 Kh2 83.Bf2 Kh1 84.Ne5 Kh2 85.Ng4+ 1/2-1/2

[Event "2023 Gufeld Cup"]
[Site "North Woodvale, Perth WA"]
[Date "2023.04.10"]
[Round "5"]
[White "Gruber, Paula"]
[Black "Ashok, Akash"]
[Result "1-0"]
[WhiteElo "1076"]
[BlackElo "734"]
[EventDate "2023.04.10"]

1.e4 e5 2.Nf3 Nc6 3.Nc3 Bc5 4.Nxe5 Nxe5 5.d4 Bd6 6.dxe5 Bxe5 7.Bd2 Nf6 8.
Bd3 O-O 9.Qf3 d6 10.h3 h6 11.O-O Be6 12.Rab1 c6 13.Rfe1 Qc7 14.b3 a6 15.
Ne2 Rfd8 16.Nf4 Bd7 17.Nh5 Kh7 18.Nxf6+ Bxf6 19.e5+ g6 20.exf6 Re8 21.Qh5 
Kg8 22.Qxh6 Rxe1+ 23.Rxe1 1-0

[Event "2023 Gufeld Cup"]
[Site "North Woodvale, Perth WA"]
[Date "2023.04.10"]
[Round "5"]
[White "Wolstencroft, Alan"]
[Black "Kerr, Lennon"]
[Result "1-0"]
[WhiteElo "1849"]
[BlackElo "860"]
[EventDate "2023.04.10"]

1.e4 c5 2.Nf3 Nc6 3.d4 cxd4 4.Nxd4 g6 5.Be3 Bg7 6.Nc3 d6 7.Bc4 e6 8.Qd2 
Nge7 9.O-O-O a6 10.h4 b5 11.Bb3 h5 12.f3 Nxd4 13.Bxd4 e5 14.Be3 O-O 15.
Qxd6 Qxd6 16.Rxd6 Kh7 17.Rhd1 Ng8 18.Rd8 Bb7 19.R8d7 Rab8 20.Rxf7 Rfc8 21.
Rdd7 1-0

[Event "2023 Gufeld Cup"]
[Site "North Woodvale, Perth WA"]
[Date "2023.04.10"]
[Round "5"]
[White "Sethuraman, Jaswanth Ram"]
[Black "Ashok, Anish"]
[Result "1-0"]
[WhiteElo "783"]
[BlackElo "458"]
[EventDate "2023.04.10"]

1.e4 e6 2.Nf3 d5 3.exd5 exd5 4.d4 Nf6 5.Bd3 Nc6 6.O-O Bb4 7.Ne5 Nxd4 8.c3 
Bxc3 9.bxc3 Nf5 10.Bxf5 Bxf5 11.Ba3 b6 12.Qe2 Be6 13.f4 d4 14.f5 dxc3 15.
fxe6 Qd4+ 16.Kh1 c2 17.exf7+ Kd8 18.Nc6+ Kd7 19.Nxd4 cxb1=Q 20.Raxb1 Rhd8 
21.Qe7+ Kc8 22.f8=Q Rxf8 23.Qxf8+ Kb7 24.Qxg7 Ne4 25.Rbd1 Nc3 26.Rc1 Nxa2 
27.Qxc7+ Ka6 28.Qc4+ b5 29.Qxb5# 1-0

[Event "2023 Gufeld Cup"]
[Site "North Woodvale, Perth WA"]
[Date "2023.04.10"]
[Round "6"]
[White "Laubbacher, Jamie"]
[Black "McAteer, Ian"]
[Result "1-0"]
[WhiteElo "1904"]
[BlackElo "1774"]
[EventDate "2023.04.10"]

1.e4 c6 2.d4 d5 3.Nc3 dxe4 4.Nxe4 Nf6 5.Nxf6+ exf6 6.c3 Bd6 7.Bd3 O-O 8.
Qc2 Re8+ 9.Ne2 h5 10.Be3 h4 11.O-O-O Nd7 12.c4 Nf8 13.Nc3 Bd7 14.Kb1 Bg4 
15.Be2 Bxe2 16.Qxe2 Qd7 17.d5 Qf5+ 18.Qd3 Qxd3+ 19.Rxd3 cxd5 20.Nxd5 Re6 
21.h3 b6 22.Rhd1 f5 23.Nxb6 axb6 24.Rxd6 Rb8 25.a4 Ra8 26.b3 Rb8 27.Kb2 f6
28.Rxe6 Nxe6 29.Rd6 Kf7 30.Rxb6 Rxb6 31.Bxb6 f4 32.a5 1-0

[Event "2023 Gufeld Cup"]
[Site "North Woodvale, Perth WA"]
[Date "2023.04.10"]
[Round "6"]
[White "Harris, Eamon"]
[Black "Barry, David"]
[Result "1-0"]
[WhiteElo "1617"]
[BlackElo "1897"]
[EventDate "2023.04.10"]

1.e4 c5 2.c3 Nf6 3.e5 Nd5 4.d4 cxd4 5.cxd4 e6 6.Nc3 Nxc3 7.bxc3 d6 8.Nf3 
dxe5 9.Nxe5 Bd6 10.Bf4 O-O 11.Bd3 Nd7 12.Qh5 Nf6 13.Qh4 Re8 14.O-O g6 15.
Bg5 Be7 16.Qf4 Kg7 17.Rfe1 Bd6 18.Re3 Bxe5 19.dxe5 Nd5 20.Qh4 Qc7 21.Bf6+ 
1-0

[Event "2023 Gufeld Cup"]
[Site "North Woodvale, Perth WA"]
[Date "2023.04.10"]
[Round "6"]
[White "Umasankar, Naveen Ramnat"]
[Black "Taylor, Noah"]
[Result "1/2-1/2"]
[WhiteElo "1788"]
[BlackElo "1771"]
[EventDate "2023.04.10"]

1.e4 e5 2.Nf3 Nc6 3.Bb5 a6 4.Ba4 Nf6 5.O-O Be7 6.d3 d6 7.Bxc6+ bxc6 8.Re1 
Bg4 9.Nbd2 O-O 10.h3 Bh5 11.Nf1 Ne8 12.Ng3 Bg6 13.b3 f6 14.Nh4 d5 15.Nxg6 
hxg6 16.Qg4 Kh7 17.Bb2 a5 18.h4 Nd6 19.h5 g5 20.Nf5 Qd7 21.g3 Nxf5 22.exf5
Bd6 23.Bc1 Rfe8 24.Bd2 a4 25.f4 gxf4 26.gxf4 exf4 27.Bxf4 Bxf4 28.Qxf4 
Rxe1+ 29.Rxe1 axb3 30.axb3 Re8 31.Rxe8 Qxe8 1/2-1/2

[Event "2023 Gufeld Cup"]
[Site "North Woodvale, Perth WA"]
[Date "2023.04.10"]
[Round "6"]
[White "Gough, Dylan"]
[Black "Kerr, Carter"]
[Result "1-0"]
[WhiteElo "1745"]
[BlackElo "1257"]
[EventDate "2023.04.10"]

1.d4 Nf6 2.c4 g6 3.Nc3 d5 4.e3 Bg7 5.Nf3 Bf5 6.cxd5 Nxd5 7.Qb3 Nb6 8.Be2 
Nc6 9.O-O O-O 10.Qd1 Nb4 11.e4 Bg4 12.Be3 Bxf3 13.Bxf3 Nc6 14.d5 Ne5 15.
Be2 Nbc4 16.Bxc4 Nxc4 17.Qe2 Nxe3 18.Qxe3 e6 19.dxe6 fxe6 20.Rad1 Qe7 21.
Rd3 Qb4 22.Qd2 Rf7 23.Rd8+ Rxd8 24.Qxd8+ Qf8 25.Qxf8+ Rxf8 26.Rd1 Bf6 27.
Kf1 Rd8 28.Rxd8+ Bxd8 29.b3 Kf7 30.Ke2 Kf6 31.f4 c6 32.e5+ Kg7 33.Kf3 g5 
34.fxg5 Bxg5 35.Ne4 Be7 36.Nd6 Bxd6 37.exd6 Kf6 38.Ke4 e5 39.d7 Ke7 40.
Kxe5 Kxd7 41.g4 Ke7 42.h4 b5 43.Kd4 Kd6 44.b4 1-0

[Event "2023 Gufeld Cup"]
[Site "North Woodvale, Perth WA"]
[Date "2023.04.10"]
[Round "6"]
[White "Andador, Dominador"]
[Black "Wu, Kobe"]
[Result "1-0"]
[WhiteElo "1842"]
[BlackElo "1206"]
[EventDate "2023.04.10"]

1.d4 d5 2.Nf3 Nf6 3.Bf4 c5 4.c3 e6 5.e3 Nc6 6.Bd3 c4 7.Bc2 Bd7 8.Nbd2 Be7 
9.e4 O-O 10.e5 Ne8 11.h4 f6 12.Qe2 fxe5 13.Bxe5 Nxe5 14.Nxe5 b5 15.Ndf3 b4
16.Ng5 Nf6 17.Rh3 bxc3 18.bxc3 Rb8 19.Rf3 Rb2 20.Nxh7 Rxc2 21.Nxf6+ Bxf6 
22.Qxc2 Be8 23.g4 Bxe5 24.Rxf8+ Kxf8 25.dxe5 Qxh4 26.O-O-O Qg5+ 27.Qd2 
Qxe5 28.f4 Qd6 29.Re1 Qa3+ 30.Qb2 Qd6 31.Qb4 Qxb4 32.cxb4 Kf7 33.Kd2 Bb5 
34.Kc3 Kf6 35.Re5 Be8 36.Kd4 Bg6 37.a4 Bc2 38.a5 a6 39.Re2 Bd1 40.Ra2 Bxg4
41.b5 axb5 42.a6 e5+ 43.fxe5+ Ke7 44.a7 b4 45.a8=Q b3 46.Ra7+ Bd7 47.Qxd5 
b2 48.Qxd7+ Kf8 49.Qf7# 1-0

[Event "2023 Gufeld Cup"]
[Site "North Woodvale, Perth WA"]
[Date "2023.04.10"]
[Round "6"]
[White "Gruber, Paula"]
[Black "Deng, Eric"]
[Result "1/2-1/2"]
[WhiteElo "1076"]
[BlackElo "1604"]
[EventDate "2023.04.10"]

1.e4 e6 2.d4 d5 3.exd5 exd5 4.Nc3 c6 5.Nf3 Bd6 6.Bd3 Ne7 7.O-O h6 8.h3 O-O
9.Ne2 Bf5 10.Nf4 Nd7 11.Nh4 Bxd3 12.Qxd3 Nf6 13.Nf5 Nxf5 14.Qxf5 Re8 15.
Nd3 Qe7 16.Bf4 Bxf4 17.Qxf4 Qe2 18.Rac1 Qe4 19.f3 Qxf4 20.Nxf4 g5 21.Nd3 
Re2 22.Rfe1 Rae8 23.Kf1 R2e6 24.Nc5 R6e7 25.Re5 b6 26.Nd3 Rxe5 27.Nxe5 c5 
28.Nc6 a6 29.dxc5 bxc5 30.c4 d4 31.b4 Nd7 32.bxc5 Nxc5 33.Nxd4 Nd3 34.Rb1 
Rc8 35.Nf5 Kh7 36.Nd6 Rc6 37.Nxf7 Rxc4 38.Nd6 Rc2 39.a3 Nf4 40.Rb6 Rc1+ 
41.Kf2 Rc2+ 42.Kf1 1/2-1/2

[Event "2023 Gufeld Cup"]
[Site "North Woodvale, Perth WA"]
[Date "2023.04.10"]
[Round "6"]
[White "Moseley, Paul"]
[Black "Wolstencroft, Alan"]
[Result "0-1"]
[WhiteElo "1543"]
[BlackElo "1849"]
[EventDate "2023.04.10"]

1.d4 Nf6 2.Nf3 d6 3.e3 Nbd7 4.c4 g6 5.Nc3 Bg7 6.e4 O-O 7.Be2 c5 8.d5 Nb6 
9.h3 e5 10.O-O Ne8 11.Nh2 f5 12.b3 Nf6 13.Bd3 f4 14.Be2 h6 15.a4 a6 16.Qc2
g5 17.Ng4 Nbd7 18.f3 h5 19.Nh2 h4 20.Bd2 Nh5 21.Be1 Ndf6 22.Ng4 Ng3 23.
Nxf6+ Rxf6 24.Bxg3 hxg3 25.Qd1 Kf7 26.Bd3 Qh8 27.Qe2 Rh6 28.Rfb1 Bxh3 29.
Kf1 Bxg2+ 30.Ke1 Rh2 31.Qa2 Bxf3 32.Qa3 g2 33.Kf2 Qh4+ 34.Kxf3 Qg3+ 35.Ke2
g1=Q# 0-1

[Event "2023 Gufeld Cup"]
[Site "North Woodvale, Perth WA"]
[Date "2023.04.10"]
[Round "6"]
[White "Simonds, Marcus"]
[Black "Cavosie-Pletsch, Yasmina"]
[Result "1-0"]
[WhiteElo "1771"]
[BlackElo "1330"]
[EventDate "2023.04.10"]

1.d4 Nf6 2.Bf4 d6 3.Nc3 g6 4.e4 Bg7 5.Qd2 h6 6.Be2 Nfd7 7.Be3 e5 8.f4 O-O 
9.Nf3 f5 10.fxe5 f4 11.Bxf4 g5 12.Bg3 dxe5 13.O-O-O exd4 14.Nxd4 Ne5 15.
Qe3 Qe8 16.Rdf1 Nbd7 17.Nf5 b6 18.Nd5 Qd8 19.h4 g4 20.Nxh6+ Bxh6 21.Qxh6 
Bb7 22.Qe6+ Nf7 23.Rf5 Kg7 24.h5 1-0